000 00420nam a2200133Ia 4500
008 150223s9999 xx 000 0 und d
020 _a9710824899
050 _aHM 132
_b.B976 1984
100 _aBuscaglia, Leo.
245 _aLoving each other :
_bthe challenge of human relationships /
_cLeo Buscaglia.
260 _aUSA :
_bSLACK Incorporated,
_c1984
300 _a208 pages :
_c22 cm.
504 _aIncludes bibliography.
999 _c283322
_d283322